| 000 | 01138nam a2200349Ia 4500 | ||
|---|---|---|---|
| 003 | OSt | ||
| 005 | 20251229112239.0 | ||
| 008 | 210716s1997 xx 000 0 und d | ||
| 020 | _a8120313089 | ||
| 040 | _cAIMIT LIBRARY | ||
| 041 | _aeng | ||
| 082 |
_a006.37 _21 _bSANP |
||
| 100 |
_aSanna, Paul. _9249705 |
||
| 245 |
_aUsing visual basic for applications 5 / _cBy Paul Sanna...[et.al]. |
||
| 250 | _a1st ed. | ||
| 260 |
_aNew Delhi : _bPrentice Hall of India PVt Ltd , _c1997. |
||
| 300 |
_axxiv,776p. ; _bPB _c23.8 cm |
||
| 650 |
_aGetting to know visual basic for applications _9249706 |
||
| 650 |
_aProgramming applications with VBA _9249707 |
||
| 650 |
_aUsing VBA with the world wide web _9249708 |
||
| 700 |
_aAnderson, Christa. _9249709 |
||
| 700 |
_aGreen, John. _9249710 |
||
| 700 |
_aMarchuk, Michael. _9249711 |
||
| 700 |
_aPamela, Palmer. _9249712 |
||
| 700 |
_aPodlin, Sharon. _9249713 |
||
| 700 |
_aRahmel, Dan. _9249714 |
||
| 700 |
_aRay, Bill. _9249715 |
||
| 700 |
_aReilly, Brian. _9249716 |
||
| 700 |
_aRoot, Gregory j. _9249717 |
||
| 700 |
_aTasker, Liz. _9249718 |
||
| 942 |
_2ddc _cBK _e1st _k006.37 SANP |
||
| 999 |
_c183465 _d183465 |
||